000 00682nam a2200169 a 4500
001 000045807
005 20201002052444.0
008 150515s2016 dr 000 0 spa d
040 _aDO-SdBNP
_bspa
_cBNPHU
100 1 _aPeruco Torres, Wilfredo
_973884
245 1 0 _aProtagonistas del atletismo dominicano /
_aWilfredo Peruco Torres, Raymond Stewart ; prólogo José Ludwig Rubio Rodríguez.
260 _aSanto Domingo :
_bFundación Luguelin Santos,
_c2016.
300 _a199 p. :
_bils., tablas, retrs ;
_c23 cm.
590 _aLa biblioteca posee un ej. autográfiado por el autor
700 1 2 _aStewart- Raymond
_942723
700 1 2 _aRubio Rodríguez , José Ludwig
_eprólogo
_973885
999 _c45296
_d45296